Teaching for Excellence and Equity (Record no. 15340)
[ view plain ]
| 000 -LEADER | |
|---|---|
| fixed length control field | 00698nam a2200121Ia 4500 |
| 008 - FIXED-LENGTH DATA ELEMENTS--GENERAL INFORMATION | |
| fixed length control field | 220615s9999||||xx |||||||||||||| ||und|| |
| 100 ## - MAIN ENTRY--PERSONAL NAME | |
| Personal name | Burroughs, Nathan||Gardner, Jacqueline||Lee, Youngjun||Guo, Siwen||Touitou, Israel||Jansen, Kimberly||Schmidt, William |
| 245 #0 - TITLE STATEMENT | |
| Title | Teaching for Excellence and Equity |
| Remainder of title | Analyzing Teacher Characteristics, Behaviors and Student Outcomes with TIMSS |
| 546 ## - LANGUAGE NOTE | |
| Language note | English[eng] |
| 650 ## - SUBJECT ADDED ENTRY--TOPICAL TERM | |
| Topical term or geographic name entry element | Education||Assessment||International education ||Comparative education||Teaching||Educational policy||Education and state||Educational sociology ||Education and sociology |
| 856 ## - ELECTRONIC LOCATION AND ACCESS | |
| Uniform Resource Identifier | <a href="https://library.oapen.org/bitstream/20.500.12657/22957/1/1007203.pdf">https://library.oapen.org/bitstream/20.500.12657/22957/1/1007203.pdf</a> |
| 942 ## - ADDED ENTRY ELEMENTS (KOHA) | |
| Koha item type | E-Books |
| Withdrawn status | Lost status | Damaged status | Not for loan | Home library | Current library | Date acquired | Total Checkouts | Date last seen | Price effective from | Koha item type |
|---|---|---|---|---|---|---|---|---|---|---|
| Kerala University of Digital Sciences, Innovation and Technology Knowledge Centre | Kerala University of Digital Sciences, Innovation and Technology Knowledge Centre | 15/06/2022 | 15/06/2022 | 15/06/2022 | E-Books |